000 00679nam a2200241 a 4500
001 BRCA_5884
005 20190320205242.0
008 160311s1844----uk-a######---#000-0#eng-#
041 _aeng
044 _aUk
050 4 _aTS545
_b.R45 1844
100 1 _aReid, Thomas
_914884
245 1 0 _aA treatise on clock and watch making
_btheoretical and practical
_cby Thomas Reid.
250 _a2
260 _aGlasgow
_bBlackie & Son
_c[1844]
300 _a466 p.
_bil., 18 láminas
_c25 cm.
500 _aIncluye índice alfabético
500 _aEstado físico: Hojas desprendidas
500 _aG56
650 1 4 _aRelojes
_xFabricación
_914885
902 _aGFM
942 _2lcc
_cB
999 _c5573
_d5573